000 00384nam a2200133Ia 4500
008 151001s9999||||xx |||||||||||||| ||und||
100 _aकृष्णां पाटील
245 _aसंसार हा सुखाचा
250 _a2
260 _bत्रिदल प्रकाशन मुंबई
260 _c1975
300 _a84
365 _b18
999 _c981988
_d981985